The Nicomachean ethics / (Record no. 353916)
[ view plain ]
| 000 -LEADER | |
|---|---|
| fixed length control field | 01269nam a2200349 i 4500 |
| 001 - CONTROL NUMBER | |
| control field | 1115003902 |
| 003 - CONTROL NUMBER IDENTIFIER | |
| control field | OCoLC |
| 005 - DATE AND TIME OF LATEST TRANSACTION | |
| control field | 20200930142708.0 |
| 008 - FIXED-LENGTH DATA ELEMENTS--GENERAL INFORMATION | |
| fixed length control field | 200814s2020 enk b 001 0 eng d |
| 010 ## - LIBRARY OF CONGRESS CONTROL NUMBER | |
| LC control number | bl2020018812 |
| 020 ## - INTERNATIONAL STANDARD BOOK NUMBER | |
| International Standard Book Number | 9780140455472 |
| 035 ## - SYSTEM CONTROL NUMBER | |
| System control number | (OCoLC)1115003902 |
| 040 ## - CATALOGING SOURCE | |
| Original cataloging agency | NjBwBT |
| Language of cataloging | eng |
| Transcribing agency | NjBwBT |
| Description conventions | rda |
| 041 1# - LANGUAGE CODE | |
| Language code of text/sound track or separate title | eng |
| Language code of original and/or intermediate translations of text | grc |
| 092 ## - LOCALLY ASSIGNED DEWEY CALL NUMBER (OCLC) | |
| Classification number | 171.3 |
| Item number | ARISTOTLE |
| 100 0# - MAIN ENTRY--PERSONAL NAME | |
| Personal name | Aristotle, |
| Relator term | author. |
| 9 (RLIN) | 6376523 |
| 245 14 - TITLE STATEMENT | |
| Title | The Nicomachean ethics / |
| Statement of responsibility, etc | Aristotle ; translated by Adam Beresford. |
| 264 #1 - Production, Publication, Distribution, Manufacture, and Copyright Notice. | |
| Place of production, publication, distribution, manufacture | London ; |
| -- | New York : |
| Name of producer, publisher, distributor, manufacturer | Penguin Books, |
| Date of production, publication, distribution, manufacture, or copyr | 2020. |
| 300 ## - PHYSICAL DESCRIPTION | |
| Extent | lvii, 469 pages ; |
| Dimensions | 24 cm. |
| 336 ## - Content Type | |
| Content type term | text |
| 337 ## - Media type | |
| Media type term | unmediated |
| 338 ## - Carrier type | |
| Carrier type term | volume |
| 490 1# - SERIES STATEMENT | |
| Series statement | Penguin classics. |
| 504 ## - BIBLIOGRAPHY, ETC. NOTE | |
| Bibliography, etc | Includes bibliographical references and index. |
| 520 ## - SUMMARY, ETC. | |
| Summary, etc | Collects the philosopher's series of lectures on ethical topics ranging from good and bad character and pleasure and self-control to moral wisdom and the foundations of right and wrong. |
| 650 #0 - SUBJECT ADDED ENTRY--TOPICAL TERM | |
| Topical term or geographic name as entry element | Ethics |
| Form subdivision | Early works to 1800. |
| 9 (RLIN) | 5698998 |
| 650 #0 - SUBJECT ADDED ENTRY--TOPICAL TERM | |
| Topical term or geographic name as entry element | Philosophy, Ancient. |
| 9 (RLIN) | 89417 |
| 700 1# - ADDED ENTRY--PERSONAL NAME | |
| Personal name | Beresford, Adam, |
| Relator term | translator. |
| 9 (RLIN) | 6376524 |
| 830 #0 - SERIES ADDED ENTRY--UNIFORM TITLE | |
| Uniform title | Penguin classics. |
| 9 (RLIN) | 1379 |
| 907 ## - LOCAL DATA ELEMENT G, LDG (RLIN) | |
| a | .b436595059 |
| 942 ## - ADDED ENTRY ELEMENTS (KOHA) | |
| Source of classification or shelving scheme | Dewey Decimal Classification |
| Koha item type | BOOK |
| Withdrawn status | Lost status | Source of classification or shelving scheme | Damaged status | Not for loan | Collection code | Home library | Current library | Shelving location | Date acquired | Source of acquisition | Total Checkouts | Total Renewals | Full call number | Barcode | Date last seen | Date checked out | Cost, replacement price | Price effective from | Koha item type |
|---|---|---|---|---|---|---|---|---|---|---|---|---|---|---|---|---|---|---|---|
| Dewey Decimal Classification | General NonFiction | Wasatch County Library | Wasatch County Library | Second Floor | 09/30/2020 | Baker & Taylor | 10 | 13 | 170.93 Ari | 34301001698408 | 02/19/2026 | 08/20/2025 | 17.00 | 09/30/2020 | BOOK |
